<?xml version="1.0" encoding="UTF-8"?><?xml-stylesheet type="text/xsl" href="static/style.xsl"?><OAI-PMH xmlns="http://www.openarchives.org/OAI/2.0/" xmlns:xsi="http://www.w3.org/2001/XMLSchema-instance" xsi:schemaLocation="http://www.openarchives.org/OAI/2.0/ http://www.openarchives.org/OAI/2.0/OAI-PMH.xsd"><responseDate>2026-04-17T03:34:49Z</responseDate><request verb="GetRecord" identifier="oai:www.recercat.cat:2072/401015" metadataPrefix="marc">https://recercat.cat/oai/request</request><GetRecord><record><header><identifier>oai:recercat.cat:2072/401015</identifier><datestamp>2024-10-29T20:14:22Z</datestamp><setSpec>com_2072_98</setSpec><setSpec>col_2072_378192</setSpec></header><metadata><record xmlns="http://www.loc.gov/MARC21/slim" xmlns:dcterms="http://purl.org/dc/terms/" xmlns:xsi="http://www.w3.org/2001/XMLSchema-instance" xmlns:doc="http://www.lyncode.com/xoai" xsi:schemaLocation="http://www.loc.gov/MARC21/slim http://www.loc.gov/standards/marcxml/schema/MARC21slim.xsd">
   <leader>00925njm 22002777a 4500</leader>
   <datafield ind2=" " ind1=" " tag="042">
      <subfield code="a">dc</subfield>
   </datafield>
   <datafield ind2=" " ind1=" " tag="720">
      <subfield code="a">Souto, Luz Celestina</subfield>
      <subfield code="e">author</subfield>
   </datafield>
   <datafield ind2=" " ind1=" " tag="260">
      <subfield code="c">2013</subfield>
   </datafield>
   <datafield ind2=" " ind1=" " tag="520">
      <subfield code="a">La vinculación de los subalternos en la apropiación de menores durante la Dictadura argentina ha sido indagada en varias disciplinas, sin embargo, son las obras de Martín Kohan las que han logrado contar lo inenarrable de la historia, condensarlo en un mundo ficcional creíble, y por eso mismo desbastador. En Dos veces junio y en Cuentas Pendientes se evidencian las consecuencias de la banalidad del mal, se representa el consenso de los diferentes estamentos de la maquinaria represiva del Estado y se vislumbran las consecuencias en las próximas generaciones.</subfield>
   </datafield>
   <datafield ind2=" " ind1=" " tag="520">
      <subfield code="a">The rol of the subordinates in the appropriation of children during the Argentinian Dictatorship has been questioned in several disciplines. However, are the works of the writer Martín Kohan which have managed to tell the untold history in a very effective way by condensing it in the creation of a credible fictional world and, because of that, grinding. In Dos veces junio, as well as in Cuentas pendientes, the consequences of the banality of evil are obvious, since it represents the consensus set within the different levels of the repressive State machinery and glipmse the consequences of all this in the life of future generations.</subfield>
   </datafield>
   <datafield tag="653" ind2=" " ind1=" ">
      <subfield code="a">Subalterns</subfield>
   </datafield>
   <datafield tag="653" ind2=" " ind1=" ">
      <subfield code="a">Apropiació de nens</subfield>
   </datafield>
   <datafield tag="653" ind2=" " ind1=" ">
      <subfield code="a">Subalternos</subfield>
   </datafield>
   <datafield tag="653" ind2=" " ind1=" ">
      <subfield code="a">Apropiación de niños</subfield>
   </datafield>
   <datafield tag="653" ind2=" " ind1=" ">
      <subfield code="a">Dictadura Argentina</subfield>
   </datafield>
   <datafield tag="653" ind2=" " ind1=" ">
      <subfield code="a">Martín Kohan</subfield>
   </datafield>
   <datafield tag="653" ind2=" " ind1=" ">
      <subfield code="a">Subordinates</subfield>
   </datafield>
   <datafield ind2="0" ind1="0" tag="245">
      <subfield code="a">Los Subalternos en las ficciones de apropiación de menores</subfield>
   </datafield>
</record></metadata></record></GetRecord></OAI-PMH>